| 000 | 00820nam a2200253 i 4500 | ||
|---|---|---|---|
| 001 | bg | ||
| 100 | 1 | _aSZLEZYNGIER, Włodzimierz | |
| 245 | 1 | 0 |
_aPodstawy reologii polimerów / _cWłodzimierz Szlezyngier. |
| 260 |
_aRzeszów : _bPolitechnika Rzeszowska im. Ignacego Łukasiewicza, _c1994 _e(Rzesz. : _fPR). |
||
| 300 |
_a171 s. : _bfot., rys., wykr. ; _c24 cm. |
||
| 504 | _aBibliogr. s. 169-171. | ||
| 521 | _aDla studentów Wydz. Chemicznego. | ||
| 650 | 9 | _aMechanika płynów | |
| 650 | 9 |
_aNaprężenia i odkształcenia _xbadanie |
|
| 650 | 9 |
_aTworzywa sztuczne _xtechnologia |
|
| 655 | _aPodręczniki akademickie | ||
| 020 | _a8390246872 | ||
| 040 | _cBPK | ||
| 041 | 0 | _apl | |
| 080 | _a539.3/.6:532:678.7](075.8) | ||
| 920 | _a83-902468-7-2 | ||
| 942 | _cKS | ||
| 008 | s pl f |000 0 pol | ||
| 999 |
_c24960 _d24960 |
||
| 856 |
_uhttp://koha.tu.koszalin.pl/cgi-bin/koha/opac-detail.pl?biblionumber=24960 _yKatalog online BPK |
||